| Tag |
First Indicator |
Second Indicator |
Subfields |
| LEADER |
00000cam a2200000 4500 |
| 001 |
in00000309421 |
| 005 |
20151010144250.0 |
| 008 |
770512s1854 nyu 00010 eng d |
| 010 |
|
|
|a 05016973
|
| 035 |
|
|
|a (OCoLC)02959173
|
| 035 |
|
|
|9 ABH6301AM
|
| 040 |
|
|
|a DLC
|c DMM
|d TXA
|d UtOrBLW
|
| 049 |
|
|
|a TXAM
|c [1335738]
|
| 050 |
0 |
0 |
|a DK211
|b .G9
|
| 100 |
1 |
|
|a Gurowski, Adam,
|d 1805-1866.
|
| 245 |
1 |
0 |
|a Russia as it is /
|c By Count A. de Gurowski.
|
| 264 |
|
1 |
|a New York,
|a London :
|b D. Appleton and company,
|c 1854.
|
| 300 |
|
|
|a xvi, [9]-312 pages
|
| 336 |
|
|
|a text
|b txt
|2 rdacontent
|
| 337 |
|
|
|a unmediated
|b n
|2 rdamedia
|
| 338 |
|
|
|a volume
|b nc
|2 rdacarrier
|
| 651 |
|
0 |
|a Soviet Union.
|
| 999 |
|
|
|a MARS
|
| 999 |
f |
f |
|s ecd22c73-b564-3342-9c7c-eec005a5f19b
|i 582be91b-b6fb-3a3e-a951-424b5b3dff98
|t 0
|
| 952 |
f |
f |
|p normal
|a Texas A&M University
|b College Station
|c Sterling C. Evans Library
|d Evans: Library Stacks
|t 0
|e DK211 .G9
|h Library of Congress classification
|i unmediated -- volume
|m A14802001245
|
| 998 |
f |
f |
|a DK211 .G9
|t 0
|l Evans: Library Stacks
|